Statistics for Bit bang theory characters

Click here to take the quiz!

General Stats

  • This quiz has been taken 6 times
  • The average score is 8 of 9

Answer Stats

HintAnswer% Correct
Lives opposite main characterPenny
100%
Indian friend of main characterRaj
100%
Main characterSheldon
100%
Has the surname 'Farrah-Fowler'Amy
83%
Dates HowardBernadette
83%
Jewish friend of main characterHoward
83%
Lives with main characterLeonard
83%
Main characters mumMary
67%
Nemesis of main character since he was a childWill Wheaton
67%

Score Distribution

Percentile by Number Answered

Percent of People with Each Score

Your Score History

You have not taken this quiz